Nambour Weekly (Nambour, Australia)

Detalles Bibliográficos
Formato: eBook
Lenguaje:inglés
Publicado: Nambour: News Limited, 2014 -
Materias:
Acceso en línea:Acceso restringido

MARC

LEADER 00000nam a22000007a 4500
005 20191017004110.0
007 cr|||| ||||
008 191017c20149999au dr|w s|||| 0|||b1eng d
035 |a 22545 
040 |a vLex 
090 |c 9877  |d 9877 
245 0 0 |a Nambour Weekly (Nambour, Australia)  |h [Recurso electrn̤ico] / 
256 |a Servicio en ln̕ea 
260 |a Nambour:  |b News Limited,  |c 2014 - 
300 |a 1 recurso electrn̤ico 
310 |a Diaria 
506 1 |a Disponible solo en los productos indicados  |d vLex Global  |d vLex Global (Academic Edition, excluding Law Schools)  |d vLex Global (U.S. Academic Edition, Law Schools)  |d vLex Global (U.S. Academic Edition, excluding Law Schools)  |d vLex Global (Academic Edition, Law Schools) 
650 0 4 |a Interš general  |z Australia 
740 0 |a vLex Revistas (Servicio en ln̕ea) 
856 4 0 |u http://vlex.com/source/22545  |z Acceso restringido 
942 |c REV 
999 0 |a General interest